📖 150 premiers mots "Des chrétiens et des Maures" Daniel Pennac - Statistiques

Statistiques générales
  • Ce quiz a Ă©tĂ© pris 14 fois
  • Le rĂ©sultat moyen est 68 sur 150
Statistiques - réponses
Mots % Correct
a
100%
Ă 
100%
s'
100%
C'
92%
J'
92%
-Je
92%
Julius
92%
l'
83%
Malaussène,
83%
Monsieur
83%
de
75%
Il
75%
il
75%
Le
75%
le
75%
me
75%
dans
67%
des
67%
et
67%
lĂ .
67%
la
67%
les
67%
n'
67%
pour
67%
son
67%
ai
58%
en
58%
né
58%
ne
58%
par
58%
qu'
58%
sa
58%
se
58%
un
58%
au-
50%
Belleville
50%
ces
50%
dessus
50%
est
50%
était
50%
mais
50%
mon
50%
pas
50%
que
50%
avait
42%
avec
42%
du
42%
plus
42%
sept
42%
cas.
33%
demie,
33%
dernier.
33%
dernier-
33%
étaient
33%
heures
33%
heures,
33%
heures.
33%
matin
33%
moins
33%
Moins
33%
notre
33%
Petit
33%
Petit.
33%
quart,
33%
Six
33%
tous
33%
toutes
33%
chambre,
25%
Chien
25%
entré
25%
juin.
25%
Juin
25%
lit,
25%
lit
25%
années
17%
peine,
17%
queue
17%
yeux
17%
battait
8%
fallait
8%
fini
8%
haut
8%
papa.
8%
rappeler
8%
réveillait
8%
tribu,
8%
veux
8%
admettre
0%
campé
0%
cligné
0%
considéré
0%
déclaré :
0%
devant
0%
écrasait
0%
existence
0%
grandir, ...
0%
hamac
0%
matrimonial,
0%
passées,
0%
pénombre.
0%
poignée
0%
porte
0%
porte,
0%
poubelles
0%
vessie.
0%
Aucun quiz correspondant
Distribution des résultats
% des personnes avec chaque résultat
Percentile par nombre de réponses
Votre historique - résultats
Vous n’avez pas pris ce quiz